Drama in schools and youth centres /

Bibliographic Details
Main Author: Holroyd, George Henry, 1904-
Other Authors: Ratcliff, Nora
Format: Book
Language:English
Published: London : Macdonald, [1949]
Subjects:

MARC

Tag First Indicator Second Indicator Subfields
LEADER 00000cam a2200000 4500
001 in00000054524
005 20151008052043.0
008 800509s1949 enkaf b 00010 eng c
010 |a a 51004914  
035 |a (OCoLC)06300717 
035 |9 AAH1427AM 
040 |a New York Univ. Wash. Sq. Library  |c TXA  |d UtOrBLW 
049 |a TXAM  |c [184187] 
050 0 |a PN3171  |b .H6 
092 |a 371.895  |b H755d 
100 1 |a Holroyd, George Henry,  |d 1904- 
245 1 0 |a Drama in schools and youth centres /  |c by George H. Holroyd and Nora Ratcliff. 
264 1 |a London :  |b Macdonald,  |c [1949] 
300 |a 144 pages :  |b plates, diagrams ;  |c 19 cm. 
336 |a text  |b txt  |2 rdacontent 
337 |a unmediated  |b n  |2 rdamedia 
338 |a volume  |b nc  |2 rdacarrier 
504 |a "List of plays and anthologies of plays": pages 135-138. 
650 0 |a Drama in education. 
650 0 |a Children's theater. 
700 1 |a Ratcliff, Nora. 
999 |a MARS 
999 f f |s ab84b7b0-afc3-3556-9f2f-dc3fc4c42687  |i ca73c859-ee1c-31aa-b8af-ac0c68934dc7  |t 0 
952 f f |p ric  |a Texas A&M University  |b Rellis Campus  |c Joint Library Facility  |d Remote Storage  |t 0  |e PN3171 .H6  |h Library of Congress classification  |i unmediated -- volume  |m A14800846479 
998 f f |a PN3171 .H6  |t 0  |l Remote Storage